000 00641nam a22002057a 4500
005 20251108171131.0
008 250721s1995 xx 000 0 ara d
082 1 4 _a296/محم
100 1 _aهلال، محمد
245 1 0 _aالأدلة الساطعة لأبطال مزاعم اليهود بفلسطين /
264 1 _aبيروت :
_bدار السلطان للطباعة و النشر و التوزيع،
_c1995.
300 _a80ص
650 1 7 _aاليهودية
650 1 7 _aالتاريخ
650 1 7 _aاليهود
650 1 7 _aفلسطين
650 1 7 _aالتاريخ القديم
942 _2ddc
_cBK
999 _c57449
_d57449